[Event "Luzern ol (Men)"]
[Site "Luzern"]
[Date "1982.??.??"]
[Round "4"]
[White "Miles, Anthony J"]
[Black "Kortschnoj, Viktor"]
[Result "1/2-1/2"]
[WhiteElo "2565"]
[BlackElo "2635"]

1.d4 Nf6 2.c4 e6 3.Nf3 Bb4+ 4.Nbd2 d5 5.e3 O-O 6.Be2 b6 7.O-O Bb7 8.a3 Be7
9.b4 c5 10.bxc5 bxc5 11.Rb1 Qc8 12.Qb3 Ba6 13.Bb2 Nbd7 14.Rfc1 Rb8 15.Qd1 dxc4
16.Nxc4 Qd8 17.Nfe5 Bb7 18.Bf3 Nxe5 19.Nxe5 cxd4 20.Bxb7 Rxb7 21.Nc6 Qd6
22.Qxd4 Qxd4 23.Nxe7+ Rxe7 24.Bxd4 Ra8 25.Rb5 Nd5 26.Kf1 f6 27.a4 Rd7 28.e4 Nb6
29.Rb4 a5 30.Rxb6 Rxd4 31.Rxe6 Kf7 32.Rb6 Rxe4 33.Rb7+ Kg6 34.Rcc7 Rg8 35.Ra7 Rxa4
36.g3  1/2-1/2

[Event "Luzern ol (Men)"]
[Site "Luzern"]
[Date "1982.??.??"]
[Round "10"]
[White "Timman, Jan H"]
[Black "Miles, Anthony J"]
[Result "0-1"]
[WhiteElo "2600"]
[BlackElo "2565"]

1.e4 c5 2.Nf3 d6 3.d4 cxd4 4.Nxd4 Nf6 5.Nc3 g6 6.Be2 Bg7 7.O-O O-O 8.Nb3 Nbd7
9.Bg5 a6 10.a4 b6 11.f4 Bb7 12.Bf3 b5 13.Qe2 b4 14.Nd1 Qc7 15.Kh1 h6 16.Bh4 e5
17.fxe5 Nxe5 18.Nf2 Rae8 19.Rfe1 g5 20.Bg3 g4 21.Bxg4 Nexg4 22.Nxg4 Nxe4
23.Qd3 f5 24.Nf2 Nxg3+ 25.Qxg3 Qxc2 26.Nh3 f4 27.Nxf4 Rxe1+ 28.Rxe1 Rxf4
29.Na5 Be4  0-1

[Event "Luzern ol (Men)"]
[Site "Luzern"]
[Date "1982.??.??"]
[Round "11"]
[White "Miles, Anthony J"]
[Black "Browne, Walter S"]
[Result "1-0"]
[WhiteElo "2565"]
[BlackElo "2590"]

1.Nf3 c5 2.c4 Nf6 3.Nc3 e6 4.e3 Nc6 5.d4 d5 6.dxc5 Bxc5 7.a3 a6 8.b4 Ba7
9.Bb2 O-O 10.Rc1 d4 11.exd4 Nxd4 12.c5 Nxf3+ 13.Qxf3 Bd7 14.Bd3 Bc6 15.Ne4 Nxe4
16.Bxe4 Qc7 17.O-O Rad8 18.Bxh7+ Kxh7 19.Qh5+ Kg8 20.Bxg7 Kxg7 21.Qg5+ Kh8
22.Qf6+ Kg8 23.Rc4  1-0

[Event "Luzern ol (Men)"]
[Site "Luzern"]
[Date "1982.??.??"]
[Round "12"]
[White "Hort, Vlastimil"]
[Black "Miles, Anthony J"]
[Result "1-0"]
[WhiteElo "2600"]
[BlackElo "2565"]

1.d4 Nf6 2.c4 e6 3.Nf3 b6 4.a3 Bb7 5.Nc3 d5 6.cxd5 Nxd5 7.Qc2 c5 8.e4 Nxc3
9.bxc3 Nd7 10.Bd3 Qc7 11.Qb1 g6 12.O-O Bg7 13.Ra2 O-O 14.Re2 Rac8 15.Rd1 Rfe8
16.a4 e5 17.Bb5 a6 18.Bxd7 Qxd7 19.d5 Qxa4 20.Be3 Rb8 21.Rb2 Bf8 22.Rc1 Bc8
23.c4 b5 24.Ra2 Qb4 25.Qa1 bxc4 26.Nd2 Qb6 27.Rb1 Qc7 28.Rxb8 Qxb8 29.Rb2 Qc7
30.Nxc4 Bd7 31.Qxa6 Rb8 32.Rxb8 Qxb8 33.Nb6 Be8 34.h3 f5 35.f3 fxe4 36.fxe4 Qd8
37.Kh2 Qh4 38.Qd3 Qe1 39.d6 Bb5 40.Qxb5 Qxe3 41.Nd5 Qg5 42.Qe8  1-0

[Event "Luzern ol (Men)"]
[Site "Luzern"]
[Date "1982.??.??"]
[Round "13"]
[White "Miles, Anthony J"]
[Black "Ljubojevic, Ljubomir"]
[Result "0-1"]
[WhiteElo "2565"]
[BlackElo "2615"]

1.Nf3 c5 2.c4 Nf6 3.g3 d5 4.cxd5 Nxd5 5.b3 f6 6.Bg2 e5 7.O-O Nc6 8.Nc3 Be6
9.Bb2 Be7 10.Rc1 O-O 11.Nh4 Nxc3 12.Bxc3 Qd7 13.f4 Bh3 14.Bxh3 Qxh3 15.f5 Qg4
16.Bb2 Rfd8 17.Rc4 Nd4 18.Bxd4 Rxd4 19.e4 Qxe4 20.Qf3 Qxf3 21.Nxf3 Rxc4 22.bxc4 Rd8
23.Kf2 Rd3 24.Ke2 Ra3 25.Rb1 b6 26.Rb2 e4 27.Ne1 Bd6 28.Nc2 Ra4 29.Ne3 Be5
30.Rc2 Ra3 31.Nd1 Bd4 32.Ne3 Kf7 33.Nd5 g6 34.fxg6+ hxg6 35.Nc7 Be5 36.Nb5 Ra4
37.d3 a6 38.Na7 Ke6 39.Nc6 exd3+ 40.Kxd3 Bc7 41.Re2+ Kd7  0-1

[Event "Surakarta/Denpasar"]
[Site "Surakarta"]
[Date "1982.??.??"]
[Round "13"]
[White "Miles, Anthony J"]
[Black "Suradiradja, Herman"]
[Result "1-0"]
[WhiteElo "2575"]
[BlackElo "2380"]

1.g3 g6 2.Bg2 Bg7 3.d4 Nf6 4.e4 d6 5.Ne2 O-O 6.O-O e5 7.h3 c6 8.Nbc3 Qc7
9.a4 a5 10.Be3 Na6 11.Qd2 Re8 12.g4 Nb4 13.f4 exd4 14.Bxd4 d5 15.exd5 cxd5
16.Ng3 Qc4 17.Rad1 Ne4 18.Ngxe4 dxe4 19.Bxg7 Kxg7 20.Bxe4 f5 21.gxf5 Rxe4
22.Nxe4 Qxe4 23.Rfe1 Qxf5 24.Re7+ Kh6 25.Qd4 Qf8 26.Qe5 Bf5 27.Rdd7 Qh8 28.Qf6  1-0

[Event "Surakarta/Denpasar"]
[Site "Surakarta"]
[Date "1982.??.??"]
[Round "18"]
[White "Miles, Anthony J"]
[Black "Rodriguez Vargas, Orestes"]
[Result "1-0"]
[WhiteElo "2575"]
[BlackElo "2430"]

1.c4 c5 2.Nf3 Nf6 3.g3 b6 4.Bg2 Bb7 5.b3 e6 6.Bb2 Be7 7.O-O O-O 8.Nc3 d6
9.Re1 Nbd7 10.e4 a6 11.d4 cxd4 12.Nxd4 Qc7 13.Rc1 Rfe8 14.h4 Bf8 15.g4 d5
16.g5 Nxe4 17.cxd5 Nxc3 18.Rxc3 Qd6 19.dxe6 Bxg2 20.exf7+ Kxf7 21.Kxg2 Kg8
22.Nf5 Qxd1 23.Rxd1 Nc5 24.Re3 Rxe3 25.Nxe3 Re8 26.Rd5 Re4 27.Rd4 Re6 28.Kf3 h6
29.Ng2 hxg5 30.hxg5 Re5 31.Rg4 Rf5+ 32.Ke2 Ne6 33.g6 Bc5 34.f3 Rh5 35.Bc3 Rh2
36.Be5 Rh5 37.f4 Kf8 38.Rh4 Rxh4 39.Nxh4 a5 40.f5 Nd4+ 41.Bxd4 Bxd4 42.Nf3 Bf6
43.Nd2  1-0

[Event "Bath TV-B"]
[Site "Bath"]
[Date "1983.??.??"]
[Round "?"]
[White "Garcia Gonzales, Guillermo"]
[Black "Miles, Anthony J"]
[Result "1/2-1/2"]
[WhiteElo "2495"]
[BlackElo "2585"]

1.d4 Nf6 2.c4 e6 3.Nf3 b6 4.a3 Ba6 5.Qc2 Bb7 6.Nc3 c5 7.e4 cxd4 8.Nxd4 Nc6
9.Nxc6 Bxc6 10.Be2 Qb8 11.Be3 Bc5 12.Bxc5 bxc5 13.O-O Qe5 14.f3 Rb8 15.Rad1 g5
16.Rf2 Rg8 17.Bf1 h5 18.Qd2 h4 19.Nd5 Rg6 20.b4 Rd8 21.Nxf6+ Rxf6 22.b5 Ba8
23.Qd6 Qxd6 24.Rxd6 Bb7 25.Rfd2 h3 26.Be2 hxg2 27.Kxg2 Ke7 28.Kg3 Rf4 29.a4 f5
30.e5 Rh4 31.h3 f4+ 32.Kh2 g4 33.Bf1 Bxf3 34.Kg1 g3 35.Bg2 Bh5 36.R2d3 Bg6
37.Rd1 Rh5 38.Ra6 Rxe5 39.Rxa7 Bh5 40.Rf1 Rf5 41.Be4 Rff8 42.Kg2 Be2 43.Bf3 Bxf1+
44.Kxf1 e5 45.Kg2 Rf6 46.Ra6 Rf7 47.Ra8 Rxa8 48.Bxa8 Kd8 49.a5 Rf6 50.Bd5 Kc8
51.b6 Rd6 52.h4 Rxd5 53.cxd5 Kb7 54.h5 c4 55.h6 c3 56.h7 c2 57.h8=Q c1=Q
58.Qxe5 Qc2+ 59.Kh3 Qh2+ 60.Kg4 g2 61.Qc7+ Ka6 62.Qc4+ Kxa5 63.Qc5+ Ka6 64.Qc4+ Kxb6
65.Qb4+  1/2-1/2

[Event "Bath TV-B"]
[Site "Bath"]
[Date "1983.??.??"]
[Round "?"]
[White "Miles, Anthony J"]
[Black "Hort, Vlastimil"]
[Result "1/2-1/2"]
[WhiteElo "2585"]
[BlackElo "2595"]

1.Nc3 c6 2.e4 d5 3.d4 dxe4 4.Nxe4 Bf5 5.Ng3 Bg6 6.h4 h6 7.Nf3 Nd7 8.h5 Bh7
9.Bd3 Bxd3 10.Qxd3 Ngf6 11.Bf4 Qa5+ 12.Bd2 Qc7 13.O-O-O e6 14.Ne4 O-O-O 15.g3 Nc5
16.Nxc5 Bxc5 17.c4 Bb6 18.Bf4 Qe7 19.Qe3 Rhe8 20.Kb1  1/2-1/2

[Event "Bath TV-B"]
[Site "Bath"]
[Date "1983.??.??"]
[Round "?"]
[White "Miles, Anthony J"]
[Black "Garcia Gonzales, Guillermo"]
[Result "1-0"]
[WhiteElo "2585"]
[BlackElo "2495"]

1.c4 g6 2.d4 Nf6 3.Nc3 Bg7 4.e4 d6 5.Bd3 O-O 6.Nge2 c5 7.d5 e6 8.O-O exd5
9.cxd5 a6 10.a4 Re8 11.f3 Nbd7 12.b3 b6 13.Rb1 Ra7 14.Kh1 Nf8 15.Be3 Rae7
16.Qd2 N6d7 17.Ng3 Qc7 18.Bg5 f6 19.Be3 Ne5 20.Be2 Nf7 21.Rfc1 h5 22.b4 h4
23.Nf1 f5 24.a5 b5 25.bxc5 dxc5 26.d6 Qxd6 27.Qxd6 Nxd6 28.Bxc5 Rd7 29.Nd5 Bb7
30.Nb6 Rdd8 31.Bxd6 Rxd6 32.Rc7 Bc6 33.Rd1 Rxd1 34.Bxd1 Bd7 35.Nxd7 Re7 36.Bb3+ Kh8
37.e5 Rxd7 38.Rxd7 Nxd7 39.e6 Nf6 40.e7 Bh6 41.Bf7  1-0

[Event "Bath TV-B"]
[Site "Bath"]
[Date "1983.??.??"]
[Round "?"]
[White "Miles, Anthony J"]
[Black "Kindermann, Stefan"]
[Result "1/2-1/2"]
[WhiteElo "2585"]
[BlackElo "2500"]

1.c4 e5 2.Nc3 Nc6 3.e3 Nf6 4.Nf3 Bb4 5.Nd5 e4 6.Ng1 O-O 7.a3 Bd6 8.Qc2 Re8
9.Ne2 b6 10.Nec3 Bb7 11.b4 a5 12.b5 Ne5 13.Bb2 Nxd5 14.cxd5 f5 15.O-O-O Qe7
16.a4 c6 17.d4 exd3 18.Bxd3 cxb5 19.Bxb5 Rac8 20.Qb3 Rc5 21.Kb1 Rec8 22.Rd4 Ng4
23.Rd2 Qf7 24.Rc1 Be5 25.Bf1 Nf6 26.f3 Bxc3 27.Rxc3 Rxc3 28.Bxc3 Nxd5 29.Bd4 Nc3+
30.Kb2 Qxb3+ 31.Kxb3 Bd5+ 32.Kb2 Nxa4+ 33.Ka3 Bc6 34.Rc2 Re8 35.Rxc6 dxc6
36.Kxa4 c5 37.Bb2 Rxe3 38.Bc4+ Kf8 39.Kb5 Re1 40.Bd3 g6 41.Kxb6 Rd1 42.Bb5 Rd2
43.Be5 Rxg2 44.Kxa5 Rf2 45.Bc6 g5 46.Kb5 Ke7 47.Kxc5 Ke6 48.Bc3 Rxh2 49.Bd5+ Ke7
50.Kd4 Kf6 51.Ke3+ Kg6 52.Be1 f4+ 53.Kd4 h5 54.Ke5 h4 55.Be4+ Kf7 56.Bxh4 gxh4
57.Kxf4 Rg2 58.Bf5 Kf6 59.Bh3 Rg1 60.Bg4 Rb1 61.Bh3 Rb4+ 62.Ke3 Ke5 63.Bg4 Rb3+
64.Kf2 Kf4 65.Kg2 Rb2+ 66.Kh3 Kg5 67.Bc8 Rb1 68.Kg2 Kf4 69.Bg4 Rc1 70.Kh2 Rc7
71.Kh3 Rc2 72.Bd7 Rc3 73.Bg4 Kg5 74.Kg2 Rc1 75.Kh2 Kf4 76.Kg2 Ke3 77.Kh3 Rh1+
78.Kg2 Rc1 79.Kh3 Kf4  1/2-1/2

[Event "Bath TV-B"]
[Site "Bath"]
[Date "1983.??.??"]
[Round "?"]
[White "Kindermann, Stefan"]
[Black "Miles, Anthony J"]
[Result "0-1"]
[WhiteElo "2500"]
[BlackElo "2585"]

1.e4 c5 2.Nf3 d6 3.d4 cxd4 4.Nxd4 Nf6 5.Nc3 g6 6.Be2 Bg7 7.O-O O-O 8.Be3 a6
9.f4 Qc7 10.Nd5 Nxd5 11.exd5 Nd7 12.c4 Nf6 13.Rc1 e6 14.dxe6 fxe6 15.b4 Bd7
16.Kh1 Rae8 17.Nb3 Qb8 18.Bd4 Bc6 19.Ba1 e5 20.fxe5 dxe5 21.Na5 Be4 22.c5 Kh8
23.Nc4 Nd5 24.Bf3 Bxf3 25.Rxf3 Nf6 26.Nd6 Re7 27.Qb3 e4 28.Rff1 e3 29.Rce1 Ng4
30.Bxg7+ Kxg7 31.Qc3+ Kh6 32.Qd4 Rxf1+ 33.Rxf1 e2 34.Re1 Qf8 35.Kg1 Ne3 36.Qh4+ Kg7
37.Qf2 Qxf2+ 38.Kxf2 Nd1+ 39.Kf3 Nc3 40.a3 Kf6 41.g3 g5 42.g4 Kg6 43.Nf5 Rd7
44.Nd6 h5 45.h3 h4 46.Ke3 Kf6 47.Kd2 Ne4+ 48.Kxe2 Nxd6 49.cxd6 Rxd6 50.Rf1+ Ke6
51.Rf3 Rd5 52.Ke3 Rd1 53.Ke4 Rh1 54.Kd4 b6 55.Re3+ Kd6 56.Rf3 Kc6 57.Ke4 Rg1
58.Rf6+ Kb5 59.Rf5+ Ka4 60.Rf6 Kb5 61.Rf5+ Kc4 62.Rf6 a5 63.Rxb6 a4 64.Ra6 Kb3
65.b5 Kxa3 66.b6 Rb1 67.Ra5 Rxb6 68.Kf5 Kb4 69.Rxa4+ Kxa4 70.Kxg5 Kb5 71.Kxh4 Kc6
72.Kh5 Kd7 73.g5 Ke7 74.h4 Kf7 75.Kg4 Rb4+ 76.Kh5 Kg7 77.g6 Rb5+  0-1

[Event "Bath TV-B"]
[Site "Bath"]
[Date "1983.??.??"]
[Round "?"]
[White "Hort, Vlastimil"]
[Black "Miles, Anthony J"]
[Result "1/2-1/2"]
[WhiteElo "2595"]
[BlackElo "2585"]

1.d4 Nf6 2.c4 e6 3.Nc3 Bb4 4.Qc2 c5 5.dxc5 O-O 6.Nf3 Na6 7.Bd2 Nxc5 8.e3 b6
9.Be2 Bb7 10.O-O Nce4 11.Nxe4 Bxe4 12.Bd3 Bxd3 13.Qxd3 Bxd2 14.Qxd2 Rc8 15.Rac1 d5
16.cxd5 Qxd5 17.Qxd5 Nxd5 18.a3  1/2-1/2

[Event "Bath TV-1pl"]
[Site "Bath"]
[Date "1983.??.??"]
[Round "?"]
[White "Karpov, Anatoly"]
[Black "Miles, Anthony J"]
[Result "0-1"]
[WhiteElo "2710"]
[BlackElo "2585"]

1.e4 c6 2.d4 d5 3.Nd2 dxe4 4.Nxe4 Nf6 5.Nxf6+ gxf6 6.Nf3 Bf5 7.Bf4 Nd7 8.c3 Qb6
9.b4 e5 10.Bg3 O-O-O 11.Be2 h5 12.O-O Be4 13.Nd2 Bd5 14.Bxh5 exd4 15.c4 Be6
16.a3 Ne5 17.Re1 d3 18.c5 Qb5 19.Rb1 Bh6 20.a4 Qa6 21.f4 Nc4 22.b5 cxb5 23.Rxb5 Na3
24.Rb2 Nc2 25.Bf3 Bd5 26.Re7 Bf8 27.Bxd5 Rxd5 28.Rbxb7 Bxe7 29.Rxe7 Qc6 30.Rxf7 Rxc5
31.Qg4+ f5 32.Qg7 Re8 33.h4 Ne3 34.Bf2 Rc1+ 35.Kh2 Ng4+ 36.Kg3 Nxf2 37.Nf3 Ne4+
38.Kh2 d2 39.Nxd2 Nxd2  0-1

[Event "Biel"]
[Site "Biel"]
[Date "1983.??.??"]
[Round "?"]
[White "Nemet, Ivan"]
[Black "Miles, Anthony J"]
[Result "0-1"]
[WhiteElo "2395"]
[BlackElo "2585"]

1.d4 Nf6 2.c4 e6 3.Nf3 b6 4.g3 Bb4+ 5.Bd2 Bxd2+ 6.Nbxd2 Bb7 7.Bg2 c5 8.O-O Qc7
9.Rc1 O-O 10.e3 d6 11.Re1 Nbd7 12.e4 cxd4 13.Nxd4 a6 14.b4 Rac8 15.h3 Rfd8
16.Qe2 Qb8 17.N2b3 Ba8 18.a3 Re8 19.Nd2 Rc7 20.N4b3 Rec8 21.Qd3 Ne8 22.f4 e5
23.f5 b5 24.cxb5 axb5 25.Rxc7 Rxc7 26.Bf1 Ndf6 27.Qe3 h5 28.Rc1 Rxc1 29.Nxc1 d5
30.exd5 Nd6 31.Qc5 e4 32.Bg2 Nxf5 33.Ne2 Bxd5 34.Nf1 Nd6 35.Ne3 Ba8 36.Nf4 g6
37.Bf1 Nd7 38.Qc3 Ne8 39.Bg2 h4 40.Qe1 Nef6 41.Qf2 hxg3 42.Qxg3 Qe5 43.h4 Bc6
44.Bh3 Kf8 45.Qf2 Ke8 46.Bf1 Qc3 47.Ne2 Qd2 48.Qg3 Nh5 49.Qg5 Qd6 50.Nf5 gxf5
51.Qxh5 f4 52.Qg5 f3 53.Ng3 Qd4+ 54.Kh2 e3 55.Kh3 e2 56.Bxe2 fxe2 57.Nxe2 Qf2  0-1

[Event "Biel"]
[Site "Biel"]
[Date "1983.??.??"]
[Round "?"]
[White "Miles, Anthony J"]
[Black "Toth, Bela"]
[Result "1/2-1/2"]
[WhiteElo "2585"]
[BlackElo "2400"]

1.d4 Nf6 2.c4 e6 3.Nf3 d5 4.Nc3 c5 5.cxd5 Nxd5 6.e3 Nc6 7.Bd3 cxd4 8.exd4 Be7
9.O-O O-O 10.Re1 Bf6 11.Be4 Nce7 12.Ne5 g6 13.Bh6 Bg7 14.Bxg7 Kxg7 15.Qf3 Nxc3
16.bxc3 Qc7 17.Qg3 f6 18.Nd3 Qxg3 19.hxg3 Rb8 20.g4 Rd8 21.a4 e5 22.Bf3 Kf7
23.Re2 exd4 24.Rae1 Ng8 25.c4 Kf8 26.a5 Bd7 27.Rb2 b6 28.Reb1 Rbc8 29.axb6 axb6
30.Bd5 Ne7 31.Rxb6 Nxd5 32.cxd5 Bxg4 33.Rxf6+ Kg8 34.Rf4 Bf5 35.Rxd4 Rc4
36.Rb4 Bxd3 37.Rbxc4  1/2-1/2

[Event "Biel"]
[Site "Biel"]
[Date "1983.??.??"]
[Round "?"]
[White "Miles, Anthony J"]
[Black "Gheorghiu, Florin"]
[Result "1/2-1/2"]
[WhiteElo "2585"]
[BlackElo "2475"]

1.d4 Nf6 2.c4 c5 3.d5 d6 4.Nc3 g6 5.e4 Bg7 6.Bd3 O-O 7.Nge2 e6 8.O-O exd5
9.cxd5 a6 10.a4 Ng4 11.h3 Ne5 12.Bc2 Nbd7 13.f4 Nc4  1/2-1/2

[Event "Biel"]
[Site "Biel"]
[Date "1983.??.??"]
[Round "?"]
[White "Meduna, Eduard"]
[Black "Miles, Anthony J"]
[Result "0-1"]
[WhiteElo "2465"]
[BlackElo "2585"]

1.d4 Nf6 2.Nf3 b6 3.Bg5 e6 4.e3 Bb7 5.Be2 h6 6.Bxf6 Qxf6 7.O-O d6 8.Nfd2 Nd7
9.Bf3 Bxf3 10.Qxf3 Qxf3 11.Nxf3 g5 12.a4 Bg7 13.c3 Ke7 14.Nbd2 c5 15.Rfd1 Rhc8
16.h3 a6 17.Kf1 b5 18.Ke2 Nb6 19.axb5 axb5 20.Rxa8 Rxa8 21.Kd3 Kd7 22.Kc2 Kc6
23.e4 Ra4 24.Nb3 b4 25.dxc5 dxc5 26.Rd8 bxc3 27.Rg8 Bf6 28.e5 Be7 29.Kxc3 Ra2
30.Nc1 Ra7 31.Rh8 Nd5+ 32.Kc2 Nf4 33.Rxh6 Nxg2 34.Rh7 Bd8 35.Ne2 Rd7 36.Rg7 c4
37.Nxg5 Ne1+ 38.Kb1 Rd1+ 39.Ka2 Nd3 40.Nd4+ Kc5 41.Nc2 Bxg5 42.Rxg5 Nc1+
43.Ka3 Rd3+  0-1

[Event "Bundesliga 8283"]
[Site "Germany"]
[Date "1983.??.??"]
[Round "?"]
[White "Miles, Anthony J"]
[Black "Laven, Ralf"]
[Result "1-0"]
[WhiteElo "2585"]
[BlackElo "2320"]

1.d4 Nf6 2.c4 e6 3.Nc3 Bb4 4.Qc2 b6 5.e4 Bxc3+ 6.bxc3 d6 7.Bd3 e5 8.Ne2 O-O
9.O-O Qe8 10.f4 Nfd7 11.Ba3 f6 12.fxe5 fxe5 13.c5 dxc5 14.Qb3+ Kh8 15.Qd5 c6
16.Qd6 Ba6 17.c4 Rf6 18.Rxf6 gxf6 19.d5 Qf8 20.Qe6 Qg8 21.Rf1 Bc8 22.Ng3 Na6
23.Bb2 Nb4 24.Bb1 cxd5 25.exd5 Ba6 26.Qxd7 Bxc4 27.Rxf6 Rd8 28.Bxe5 Rxd7
29.Rf7+  1-0

[Event "Bundesliga 8283"]
[Site "Germany"]
[Date "1983.??.??"]
[Round "?"]
[White "Bischoff, Klaus"]
[Black "Miles, Anthony J"]
[Result "1-0"]
[WhiteElo "2405"]
[BlackElo "2565"]

1.g3 e5 2.Bg2 d5 3.c4 d4 4.d3 Nf6 5.Nf3 Nc6 6.O-O a5 7.Na3 Be7 8.Nc2 O-O
9.b3 Re8 10.Bb2 Bf5 11.a3 Qd7 12.Qd2 Bh3 13.b4 Bf8 14.b5 Nb8 15.e3 Bxg2 16.Kxg2 dxe3
17.Nxe3 Bd6 18.Rfe1 c6 19.c5 Bxc5 20.Nxe5 Qd8 21.Nf5 Qd5+ 22.f3 Re6 23.Nxg7 Kxg7
24.Ng4 Nd7 25.Rxe6 fxe6 26.Qh6+ Kf7 27.Nxf6 Nxf6 28.Qxf6+ Ke8 29.Re1 Kd7
30.bxc6+ Qxc6 31.Qf7+ Be7 32.Bf6 Qd6 33.Bxe7 Qxe7 34.Qxe7+ Kxe7 35.Rb1 Rb8
36.Rb5 b6 37.f4 Rd8 38.Rxb6 Rxd3 39.Rb7+ Kf6 40.Rxh7 Rxa3 41.Ra7 Ra2+ 42.Kh3 e5
43.fxe5+ Kxe5 44.Ra8 a4 45.Ra5+ Kd4 46.g4 Ra3+ 47.Kh4 Ra2 48.h3 Kc4 49.g5 Kb4
50.Ra8 Rg2 51.Kh5 a3 52.h4 a2 53.g6 Kb3 54.Rxa2 Kxa2 55.Kh6 Kb3 56.g7 Kc3
57.h5  1-0

[Event "Gjovik"]
[Site "Gjovik"]
[Date "1983.??.??"]
[Round "?"]
[White "Spassky, Boris V"]
[Black "Miles, Anthony J"]
[Result "1/2-1/2"]
[WhiteElo "2605"]
[BlackElo "2585"]

1.e4 c5 2.Nc3 Nc6 3.g3 g6 4.Bg2 Bg7 5.d3 d6 6.f4 e6 7.Nf3 Nge7 8.O-O O-O
9.Be3 Nd4 10.Bf2 Nec6 11.Nxd4 Nxd4 12.Rb1 Bd7 13.Ne2 Qa5 14.c3 Nxe2+ 15.Qxe2 Qxa2
16.e5 Qb3 17.exd6 Rfc8 18.f5 gxf5 19.g4 Bc6 20.Bh4 fxg4 21.Qxg4 f5 22.Qg3 Kh8
23.Bxc6 bxc6 24.Qf3 Rg8 25.Kh1 Raf8 26.Be7 Re8 27.Rg1 Qb7 28.Rxg7 Rxg7 29.Bf6 Rf8
30.Be5 Rf7 31.Re1 Qd7 32.Qe3 Kg8 33.Bxg7 Rxg7 34.Qxe6+ Qxe6 35.Rxe6 Rd7 36.Rf6 Rf7
37.Re6 Rd7 38.Kg2 Kf7 39.Rh6 Kg7 40.Re6 Kf7 41.Re5 Rxd6 42.Rxf5+ Ke7 43.Rf3 Rd7
44.Rh3 Kd6 45.Kf3 Kc7 46.Ke3 Kb6 47.Rh4 a5 48.Kd2 Kb5 49.Kc2 a4 50.Rh5 Kb6
51.Rh3 Kb5 52.Kb1 Ka5 53.Ka2 Kb6 54.Rh5 Rxd3 55.Rxh7 Rd2 56.h4 Rh2 57.h5 Kb5
58.h6 Kc4 59.Ra7 Rxh6 60.Rxa4+  1/2-1/2

[Event "Gjovik"]
[Site "Gjovik"]
[Date "1983.??.??"]
[Round "?"]
[White "Miles, Anthony J"]
[Black "Ogaard, Leif"]
[Result "1-0"]
[WhiteElo "2585"]
[BlackElo "2485"]

1.d4 e6 2.c4 Nf6 3.Nf3 b6 4.a3 Bb7 5.Nc3 d5 6.cxd5 Nxd5 7.e3 Be7 8.Bb5+ c6
9.Nxd5 exd5 10.Bd3 Nd7 11.Qc2 Nf6 12.Ne5 Rc8 13.b4 O-O 14.O-O c5 15.bxc5 bxc5
16.Qa4 c4 17.Qxa7 Rc7 18.Bc2 Qd6 19.Qa5 c3 20.Rb1 Ra8 21.Qb4 Qd8 22.Qb3 Ba6
23.Re1 Bd6 24.a4 Bxe5 25.dxe5 Ng4 26.h3 Nxe5 27.Rd1 Bb7 28.Rd4 Qc8 29.Ba3 Nc4
30.Rbd1 Nd2 31.Qa2 Bc6 32.Bb4 Qe8 33.Bxc3 Nc4 34.a5 Nxa5 35.Bxa5 Rca7 36.Rxd5 Bxd5
37.Rxd5 Qc6 38.Bb3 Rxa5 39.Qxa5  1-0

[Event "Gjovik"]
[Site "Gjovik"]
[Date "1983.??.??"]
[Round "?"]
[White "Helmers, Knut J"]
[Black "Miles, Anthony J"]
[Result "0-1"]
[WhiteElo "2465"]
[BlackElo "2585"]

1.Nf3 c5 2.c4 Nf6 3.g3 d5 4.cxd5 Nxd5 5.Bg2 Nc6 6.d4 Bf5 7.O-O Ndb4 8.Qa4 Qa5
9.Qxa5 Nxa5 10.Na3 e6 11.Be3 Nd5 12.Bd2 Nc6 13.Rac1 cxd4 14.Nb5 d3 15.Nfd4 dxe2
16.Rfe1 Bd3 17.Nxc6 bxc6 18.Nd4 Rb8 19.b3 Ba3 20.Rxc6 Kd7 21.Bxd5 exd5 22.Rc3 Ba6
23.Rc6 Rb6 24.Rxb6 axb6 25.Nxe2 Re8 26.Nd4 Rxe1+ 27.Bxe1 Bb2 28.Nc2 d4 29.Bd2 Kd6
30.f3 Bd3 31.Nb4 Bb1 32.Kf2 Ba3 33.Ke2 g6 34.g4 Kc5 35.Nd3+ Kd5 36.Nb4+ Bxb4
37.Bxb4 Bxa2 38.g5 Bxb3 39.Kd2 Ke5 40.Be7 Bc4 41.Bf6+ Kd5 42.Bd8 b5 43.Be7 Ke5  0-1

[Event "Gjovik"]
[Site "Gjovik"]
[Date "1983.??.??"]
[Round "?"]
[White "Miles, Anthony J"]
[Black "Ftacnik, Lubomir"]
[Result "1/2-1/2"]
[WhiteElo "2585"]
[BlackElo "2535"]

1.d4 Nf6 2.c4 g6 3.Nc3 d5 4.Nf3 Bg7 5.cxd5 Nxd5 6.e4 Nxc3 7.bxc3 c5 8.Be3 Qa5
9.Qd2 Nc6 10.Rb1 cxd4 11.cxd4 O-O 12.Qxa5 Nxa5 13.Bd2 b6 14.Bb5 Bg4 15.d5 Rfc8
16.Bxa5 bxa5 17.O-O Rab8 18.Ba6 Rd8 19.Bb7 f5 20.h3 fxe4 21.hxg4 exf3 22.gxf3 Be5
23.Rb5 a4 24.Rc1 Kg7 25.Kf1 a3 26.Rc4 a6 27.Rb3 Rd7 28.Rcb4 Bd6 29.Rb6 Bc5
30.Bc6 Rxb6 31.Rxb6 Rxd5 32.Bxd5 Bxb6 33.Kg2 Bc7 34.Bc6 Kf6 35.Be8 Kg5 36.Kh3  1/2-1/2

[Event "Gjovik"]
[Site "Gjovik"]
[Date "1983.??.??"]
[Round "?"]
[White "Miles, Anthony J"]
[Black "Browne, Walter S"]
[Result "1/2-1/2"]
[WhiteElo "2585"]
[BlackElo "2560"]

1.c4 c5 2.Nc3 g6 3.g3 Bg7 4.Bg2 Nc6 5.a3 e6 6.Rb1 a5 7.e4 Nge7 8.Nge2 O-O
9.O-O d6 10.d3 b6 11.Be3 Ba6 12.Qd2 Rb8 13.b3 b5 14.a4 bxa4 15.bxa4 Nb4 16.Nb5 Nc8
17.Nec3 Nb6 18.Rfd1 Qd7 19.Rbc1  1/2-1/2

[Event "Gjovik"]
[Site "Gjovik"]
[Date "1983.??.??"]
[Round "?"]
[White "Miles, Anthony J"]
[Black "Agdestein, Simen"]
[Result "1-0"]
[WhiteElo "2585"]
[BlackElo "2400"]

1.d4 Nf6 2.c4 e6 3.Nf3 Bb4+ 4.Nbd2 c5 5.a3 Bxd2+ 6.Qxd2 cxd4 7.Nxd4 O-O 8.e3 d5
9.b4 Qe7 10.Bb2 Rd8 11.cxd5 Nxd5 12.Rd1 e5 13.Nf3 Nc6 14.b5 e4 15.bxc6 exf3
16.gxf3 bxc6 17.Rg1 f6 18.e4 Bb7 19.Be2 Nb6 20.Qh6 Rxd1+ 21.Bxd1 Nd7 22.Rg3 Ne5
23.Be2 Bc8 24.Bxe5 fxe5 25.Bc4+ Kh8 26.Qg5 Qc7 27.Kf1 a5 28.Kg2 Ba6 29.Bxa6 Rxa6
30.Qh5 h6 31.Qe8+ Kh7 32.Rg6 Rb6 33.Re6 Rb8 34.Rxc6 Qa7 35.Qxe5 Rg8 36.Qc7  1-0

[Event "London m1"]
[Site "London"]
[Date "1983.??.??"]
[Round "?"]
[White "Miles, Anthony J"]
[Black "Hort, Vlastimil"]
[Result "1-0"]
[WhiteElo "2585"]
[BlackElo "2585"]

1.c4 c5 2.Nf3 Nf6 3.Nc3 d5 4.cxd5 Nxd5 5.e4 Nb4 6.Bc4 Nd3+ 7.Ke2 Nf4+ 8.Kf1 Ne6
9.b4 cxb4 10.Ne2 Nc5 11.Qc2 e6 12.d4 Ncd7 13.Bb2 Nb6 14.Bd3 Bd7 15.Rc1 Na6
16.Qd2 Rc8 17.h4 Rxc1+ 18.Bxc1 Qc7 19.h5 h6 20.Rh4 Ba4 21.Rf4 Bd6 22.Rg4 Nc4
23.Qe1 Na3 24.e5 Be7 25.Bxa3 bxa3 26.d5 Nc5 27.Qc3 Qb6 28.Rb4 Qa5 29.d6 Nxd3
30.Rxb7 Bd8 31.Re7+ Kf8 32.Qxa5 Bxa5 33.Rxa7 g5 34.hxg6 Bc6 35.Rxa5  1-0

[Event "London m1"]
[Site "London"]
[Date "1983.??.??"]
[Round "?"]
[White "Miles, Anthony J"]
[Black "Hort, Vlastimil"]
[Result "1-0"]
[WhiteElo "2585"]
[BlackElo "2585"]

1.d4 c6 2.Nc3 d5 3.e4 dxe4 4.Nxe4 Nf6 5.Nxf6+ gxf6 6.Bc4 h5 7.Qd3 Qd6 8.Ne2 Be6
9.Bb3 Na6 10.O-O Nb4 11.Qc3 Nd5 12.Qf3 Bg4 13.Qd3 Nb4 14.Qe4 f5 15.Qe3 Bh6
16.Nf4 h4 17.h3 Bh5 18.Re1 Rg8 19.Kf1 e6 20.Bxe6 Nxc2 21.Bxf7+ Kf8 22.Ne6+ Kxf7
23.Qxh6 Nxe1 24.Ng5+ Ke7 25.Qh7+ Kf6 26.Qxh5 Rg6 27.Qxh4 Qd5 28.Nf3+ Kg7
29.Nxe1 Rh8 30.Qe7+  1-0

[Event "London m1"]
[Site "London"]
[Date "1983.??.??"]
[Round "?"]
[White "Miles, Anthony J"]
[Black "Hort, Vlastimil"]
[Result "1/2-1/2"]
[WhiteElo "2585"]
[BlackElo "2585"]

1.e4 c5 2.Nf3 d6 3.d4 cxd4 4.Nxd4 Nf6 5.Nc3 a6 6.Bg5 e6 7.f4 Qb6 8.Qd2 Qxb2
9.Rb1 Qa3 10.Be2 Be7 11.O-O Nbd7 12.e5 dxe5 13.fxe5 Nxe5 14.Bxf6 gxf6 15.Ne4 f5
16.Rb3 Qa4 17.Qc3 Rg8 18.Nc5 Bxc5 19.Qxc5 Nc6 20.Bb5 axb5 21.Nxb5 Ra5 22.Nc7+ Kd8
23.Rd1+ Bd7 24.Qd6 Ne5 25.Rxb7 Rxg2+ 26.Kxg2 Qe4+ 27.Kg1 Qxb7 28.Qf8+ Kxc7
29.Qd6+ Kd8  1/2-1/2

[Event "London m1"]
[Site "London"]
[Date "1983.??.??"]
[Round "?"]
[White "Miles, Anthony J"]
[Black "Hort, Vlastimil"]
[Result "1-0"]
[WhiteElo "2585"]
[BlackElo "2585"]

1.c4 c5 2.Nf3 Nf6 3.Nc3 d5 4.cxd5 Nxd5 5.e4 Nb4 6.Bc4 Nd3+ 7.Ke2 Nf4+ 8.Kf1 Ne6
9.Ne5 g6 10.Qa4+ Nd7 11.d4 cxd4 12.Nb5 Bg7 13.Nxf7 Kxf7 14.Bxe6+ Kxe6 15.Qb3+ Kf6
16.Qf3+ Ke6 17.Qb3+ Kf6 18.h4 h6 19.Bg5+ hxg5 20.hxg5+ Kxg5 21.Qg3+ Kf6 22.Qf4+ Ke6
23.Rxh8 Bxh8 24.Nc7+ Qxc7 25.Qxc7 Nb6 26.a4 Bd7 27.a5 Rc8 28.Qg3 Nc4 29.Qxg6+ Bf6
30.Qf5+ Kd6 31.Qd5+ Kc7 32.Qxc4+ Kb8 33.Qd5  1-0

[Event "London m1"]
[Site "London"]
[Date "1983.??.??"]
[Round "?"]
[White "Hort, Vlastimil"]
[Black "Miles, Anthony J"]
[Result "1-0"]
[WhiteElo "2585"]
[BlackElo "2585"]

1.e4 c6 2.d4 d5 3.Nd2 dxe4 4.Nxe4 Nf6 5.Nxf6+ gxf6 6.Bc4 h5 7.Qd3 Nd7 8.Nf3 Nb6
9.Bb3 Bg4 10.Nh4 Nd5 11.h3 Be6 12.Bd2 Qd7 13.O-O-O b5 14.f4 Bh6 15.Kb1 Nc7
16.Bxe6 Nxe6 17.Nf5 Ng7 18.Nxh6 Rxh6 19.f5 Rh8 20.Rhf1 h4 21.Rf3 Qd5 22.Bb4 Rd8
23.b3 Rb8 24.a3 Rb7 25.Ka2 Rh5 26.c4 bxc4 27.bxc4 Qd7 28.g4 hxg3 29.Rxg3 Rh7
30.Re1 Qc8 31.Bc5 Kf8 32.Reg1 Kg8 33.Qf3 Kh8 34.Qg2 Qf8 35.Qxc6 Rb8 36.Qd7 Qe8
37.Qxe8+ Rxe8 38.Rf1 Rh5 39.Rgf3 a6 40.d5 Rh4 41.Kb3 Rb8+ 42.Kc3 Rc8 43.Bxe7 Rcxc4+
44.Kb3 Ne8 45.Rd1 Rc7 46.d6 Rd7 47.Rc3 Kg7 48.Rc8 Rxh3+ 49.Ka4 Nxd6 50.Bxd6 Rb7
51.Rg1+ Kh7 52.Rgg8 Rh4+ 53.Bb4 Kh6 54.Rh8+ Kg5 55.Rcg8+ Kxf5 56.Rxh4 Ke6
57.Ka5 f5 58.Kxa6  1-0